Causas y periodicidad de las grandes crecidas en el Río de La Plata (crecida del 27 y 28 de julio de 1958) /
Guardado en:
| Autor Principal: | |
|---|---|
| Formato: | Libro |
| Idioma: | Spanish |
| Publicado: |
Buenos Aires :
Servicio de Hidrografía Naval,
1958.
|
| Series: | H., 611
|
| Etiquetas: |
Agregar Etiqueta
Sin Etiquetas, Sea el primero en etiquetar este registro!
|
| LEADER | 00549nam a22001455a 4500 | ||
|---|---|---|---|
| 001 | EUN.um021410 | ||
| 008 | 041125s1958####ag#a##########000#0#spa#d | ||
| 005 | 20201209113323.0 | ||
| 245 | 1 | 0 | |a Causas y periodicidad de las grandes crecidas en el Río de La Plata (crecida del 27 y 28 de julio de 1958) / |c Marciano A. Balay. |
| 260 | |a Buenos Aires : |b Servicio de Hidrografía Naval, |c 1958. | ||
| 300 | |a 35 p. : |b ilus. ; |c 25 cm.. | ||
| 490 | 0 | |a H., 611 | |
| 100 | 1 | |a Balay, Marciano A. | |
| 082 | 0 | 4 | |a 551.47 |
| 859 | |a Ar-BaUNS |b BIB. CENTRAL - Sector C |h 551.47 |i B182 |p 60621/971 | ||
